| 000 | 01025cas a22002415a 4500 | ||
|---|---|---|---|
| 001 | L142837 | ||
| 008 | 080313c2005 xxkar w ss 0 a0eng d | ||
| 035 | _a(Sirsi) u142837 | ||
| 041 | 0 | _aeng | |
| 050 | _a333.32 $2 18 | ||
| 110 | 2 |
_aCB Richard Ellis _93675 |
|
| 245 | 0 | 0 |
_aCentral and Eastern European office market view _h[electronic resource] |
| 260 |
_a[S.l.] _bCBRE _c2005- |
||
| 362 | 0 | _a2005- | |
| 510 | 2 |
_aKnowledge Alert _c2006- |
|
| 520 | _aMonitors changes and developments in the office market across the Central and Eastern Europe region. Provides commentary on the economic conditions of this market, and comments on them. Covers: take-up levels; vacancy rates; prime rents; stock and completions. | ||
| 554 | _aOne per year | ||
| 650 | 2 | 4 | _aCB RICHARD ELLIS CENTRAL AND EASTERN EUROPEAN OFFICE MARKET VIEW |
| 651 | 4 | _aEurope | |
| 690 | _aPROPERTY-COMMERCIAL PROPERTY-COMMERCIAL PROPERTY MARKET | ||
| 856 | 4 | 0 |
_uhttps://www.cbre.com/ _zView this report free of charge at www. cbre.com... |
| 942 | _n0 | ||
| 999 |
_c119174 _d119174 |
||